[Event "13MCR_F"]
[Site "?"]
[Date "1999.??.??"]
[Round "?"]
[White "Bures, Jilji"]
[Black "Vavrla, Zdenek"]
[Result "1/2-1/2"]
[WhiteElo "2250"]
[BlackElo "2480"]
[PlyCount "89"]
[EventDate "1999.??.??"]
[EventType "corr"]
[Source "Chess Mail Ltd"]
[SourceDate "2005.07.27"]

1. e4 c5 2. Nf3 Nc6 3. d4 cxd4 4. Nxd4 Nf6 5. Nc3 e5 6. Ndb5 d6 7. Bg5 a6 8.
Na3 b5 9. Bxf6 gxf6 10. Nd5 Bg7 11. c3 f5 12. exf5 Bxf5 13. Nc2 Ne7 14. Nce3
Be6 15. g3 Nxd5 16. Nxd5 O-O 17. Bg2 Ra7 18. O-O f5 19. a4 Qd7 20. axb5 Qxb5
21. Nb4 Qb6 22. Qd3 e4 23. Rxa6 Rxa6 24. Qxa6 Qxa6 25. Nxa6 Bc4 26. Ra1 d5 27.
Bf1 Bxa6 28. Rxa6 Rb8 29. Ra2 d4 30. Bc4+ Kh8 31. Be6 Rf8 32. cxd4 Bxd4 33. b4
Kg7 34. b5 Kf6 35. Ra6 Rb8 36. Bd7+ Rb6 37. Ra4 Rd6 38. Bc6 Bc5 39. Ra2 Ke5 40.
Kg2 Rd4 41. Rc2 Bb6 42. h3 Rd1 43. Re2 Rb1 44. g4 Rb4 45. gxf5 1/2-1/2

[Event "13MCR_F"]
[Site "?"]
[Date "1999.??.??"]
[Round "?"]
[White "Hybl, Vladislav"]
[Black "Bures, Jilji"]
[Result "1/2-1/2"]
[WhiteElo "2200"]
[BlackElo "2250"]
[PlyCount "78"]
[EventDate "1999.??.??"]
[EventType "corr"]
[Source "Chess Mail Ltd"]
[SourceDate "2005.07.27"]

1. e4 c5 2. Nf3 Nc6 3. d4 cxd4 4. Nxd4 Nf6 5. Nc3 e5 6. Ndb5 d6 7. a4 a6 8. Na3
Be6 9. Bc4 Be7 10. Bg5 O-O 11. Bxf6 Bxf6 12. O-O Rc8 13. Nd5 Bg5 14. c3 Kh8 15.
Qe2 Ne7 16. Nxe7 Qxe7 17. Rad1 f5 18. Bxe6 Qxe6 19. Rd5 fxe4 20. Rfd1 Qf5 21.
Nc2 Bh4 22. R1d2 Qg6 23. Qd1 Be7 24. Ne3 Rc6 25. a5 Rfc8 26. c4 h6 27. b3 b6
28. axb6 Rxb6 29. Ra5 Bg5 30. Re2 Rcb8 31. Ra3 Qh5 32. Qc2 Bf4 33. g3 Bg5 34.
h4 Bf6 35. Nd5 Rxb3 36. Rxb3 Rxb3 37. Qxb3 Qxe2 38. Qb8+ Kh7 39. Qxd6 Qd1+
1/2-1/2

[Event "13MCR_F"]
[Site "?"]
[Date "1999.??.??"]
[Round "?"]
[White "Hybl, Vladislav"]
[Black "Vavrla, Zdenek"]
[Result "1/2-1/2"]
[WhiteElo "2200"]
[BlackElo "2480"]
[PlyCount "58"]
[EventDate "1999.??.??"]
[EventType "corr"]
[Source "Chess Mail Ltd"]
[SourceDate "2005.07.27"]

1. e4 c5 2. Nf3 Nc6 3. d4 cxd4 4. Nxd4 Nf6 5. Nc3 e5 6. Ndb5 d6 7. a4 Be7 8.
Nd5 Nxd5 9. exd5 Nb8 10. c4 O-O 11. Bd3 f5 12. O-O Na6 13. Bd2 e4 14. Bc2 Bf6
15. Rb1 Nc7 16. Nxc7 Qxc7 17. b3 a6 18. a5 Bd7 19. Qe1 Bd4 20. Be3 Bxe3 21.
fxe3 Qc5 22. Qc3 Rac8 23. Rbd1 Rf6 24. Rd4 Qa3 25. Ra1 Qc5 26. b4 Qc7 27. Rc1
Qd8 28. Rf1 Rg6 29. Rd2 Qh4 1/2-1/2

[Event "13MCR_F"]
[Site "?"]
[Date "1999.??.??"]
[Round "?"]
[White "Jirku, Jaroslav"]
[Black "Bures, Jilji"]
[Result "1/2-1/2"]
[WhiteElo "2230"]
[BlackElo "2250"]
[PlyCount "105"]
[EventDate "1999.??.??"]
[EventType "corr"]
[Source "Chess Mail Ltd"]
[SourceDate "2005.07.27"]

1. e4 c5 2. Nf3 Nc6 3. d4 cxd4 4. Nxd4 Nf6 5. Nc3 e5 6. Ndb5 d6 7. Bg5 a6 8.
Na3 b5 9. Nd5 Be7 10. Bxf6 Bxf6 11. c3 O-O 12. Nc2 Bg5 13. a4 bxa4 14. Rxa4 a5
15. Bc4 Rb8 16. b3 Kh8 17. O-O f5 18. exf5 Bxf5 19. Nce3 Be6 20. Qd3 Qd7 21.
Ra2 Bf7 22. Rd1 Bg6 23. Qe2 Bh4 24. Qg4 Qxg4 25. Nxg4 Bd8 26. Nde3 Bc7 27. Nd5
Bd8 28. f3 e4 29. f4 Bh5 30. h3 Ne7 31. Nxe7 Bxe7 32. g3 g5 33. Rd4 Bd8 34.
Rxe4 Bg6 35. Re6 gxf4 36. gxf4 Rxf4 37. Rxd6 Bb6+ 38. Rxb6 Rxb6 39. Rxa5 Rb8
40. Ne5 Bc2 41. Ra7 Bxb3 42. Nd7 Rxc4 43. Nxb8 Rxc3 44. h4 Rc4 45. h5 Rg4+ 46.
Kf2 Rh4 47. Ra5 Bd1 48. Kg3 Rh1 49. Ra1 Kg7 50. Nd7 Rf1 51. Kg2 Re1 52. Kf2 Rh1
53. Kg3 1/2-1/2

[Event "13MCR_F"]
[Site "?"]
[Date "1999.??.??"]
[Round "?"]
[White "Kostal, Jindrich"]
[Black "Bures, Jilji"]
[Result "1/2-1/2"]
[WhiteElo "2280"]
[BlackElo "2250"]
[PlyCount "53"]
[EventDate "1999.??.??"]
[EventType "corr"]
[Source "Chess Mail Ltd"]
[SourceDate "2005.07.27"]

1. e4 c5 2. Nf3 Nc6 3. d4 cxd4 4. Nxd4 Nf6 5. Nc3 e5 6. Ndb5 d6 7. Bg5 a6 8.
Bxf6 gxf6 9. Na3 b5 10. Nd5 Bg7 11. Bd3 Ne7 12. Nxe7 Qxe7 13. O-O O-O 14. c3 f5
15. exf5 e4 16. Bc2 Bxf5 17. Qd5 Qe6 18. Bb3 Qg6 19. Nc2 b4 20. Ne3 Be6 21.
Qxd6 bxc3 22. bxc3 Bxb3 23. Qxg6 hxg6 24. axb3 Bxc3 25. Ra4 Rfb8 26. Rb1 f5 27.
Nd5 1/2-1/2

[Event "13MCR_F"]
[Site "?"]
[Date "1999.??.??"]
[Round "?"]
[White "Tichy, Josef"]
[Black "Bures, Jilji"]
[Result "0-1"]
[WhiteElo "2335"]
[BlackElo "2250"]
[PlyCount "88"]
[EventDate "1999.??.??"]
[EventType "corr"]
[Source "Chess Mail Ltd"]
[SourceDate "2005.07.27"]

1. e4 c5 2. Nf3 Nc6 3. d4 cxd4 4. Nxd4 Nf6 5. Nc3 e5 6. Ndb5 d6 7. Bg5 a6 8.
Na3 b5 9. Bxf6 gxf6 10. Nd5 Bg7 11. c3 f5 12. exf5 Bxf5 13. Nc2 Ne7 14. Nce3
Be6 15. g3 Nxd5 16. Nxd5 O-O 17. Bg2 a5 18. O-O Rb8 19. Qe2 f5 20. f4 Qd7 21.
Rad1 e4 22. Rd2 Qf7 23. Rfd1 Rfd8 24. a3 Rb7 25. Bf1 Rc8 26. Qf2 Rc5 27. Ne3
Bb3 28. Ra1 Bf8 29. Rd4 d5 30. Bh3 Rc6 31. Kg2 Bc5 32. Nxf5 Rf6 33. Qe2 Kh8 34.
Qg4 Rb8 35. Ne3 Rg8 36. Qd7 Bxd4 37. cxd4 Qxd7 38. Bxd7 Rxf4 39. Bxb5 Rf3 40.
Re1 Rgf8 41. Re2 Kg7 42. Bc6 Rd8 43. Bb5 a4 44. Bc6 Rf6 0-1

[Event "13MCR_F"]
[Site "?"]
[Date "1999.??.??"]
[Round "?"]
[White "Kostal, Jindrich"]
[Black "Tichy, Josef"]
[Result "1-0"]
[WhiteElo "2280"]
[BlackElo "2335"]
[PlyCount "47"]
[EventDate "1999.??.??"]
[EventType "corr"]
[Source "Chess Mail Ltd"]
[SourceDate "2005.07.27"]

1. e4 c5 2. Nf3 Nc6 3. d4 cxd4 4. Nxd4 Nf6 5. Nc3 d6 6. Bg5 e6 7. f4 Qb6 8. Nb3
a6 9. Qf3 Bd7 10. O-O-O Rc8 11. g4 Nb4 12. Bg2 Be7 13. Kb1 Bc6 14. Bxf6 gxf6
15. Qh3 a5 16. Nd4 Bd7 17. Nde2 Qc5 18. Rd2 b5 19. Rhd1 Bc6 20. Nd4 O-O 21. a3
Na6 22. Nd5 Bd8 23. Qh6 Nc7 24. Rd3 1-0

[Event "13MCR_F"]
[Site "?"]
[Date "1999.??.??"]
[Round "?"]
[White "Vinklarek, Vlastimil"]
[Black "Tichy, Josef"]
[Result "0-1"]
[WhiteElo "2225"]
[BlackElo "2335"]
[PlyCount "78"]
[EventDate "1999.??.??"]
[EventType "corr"]
[Source "Chess Mail Ltd"]
[SourceDate "2005.07.27"]

1. e4 c5 2. Nf3 Nc6 3. d4 cxd4 4. Nxd4 Nf6 5. Nc3 d6 6. Bg5 e6 7. Qd2 a6 8.
O-O-O Bd7 9. f4 b5 10. e5 dxe5 11. Nxc6 Bxc6 12. Qxd8+ Rxd8 13. Rxd8+ Kxd8 14.
fxe5 h6 15. Bh4 g5 16. Bxg5 hxg5 17. exf6 Bd6 18. Nd1 Rh6 19. Kd2 Rxf6 20. Ne3
Rh6 21. h3 Bf4 22. Ke2 f5 23. b3 Ke7 24. c4 Bxe3 25. Kxe3 e5 26. Rg1 Rd6 27.
cxb5 axb5 28. Bd3 f4+ 29. Ke2 e4 30. Bc2 b4 31. g3 Bb5+ 32. Ke1 Rc6 33. Rg2 f3
34. Rf2 Re6 35. Bd1 Bc6 36. Rc2 e3 37. Bxf3 Bxf3 38. Rc5 Kf6 39. Rc4 Rd6 0-1

[Event "13MCR_F"]
[Site "?"]
[Date "1999.??.??"]
[Round "?"]
[White "Jirku, Jaroslav"]
[Black "Vinklarek, Vlastimil"]
[Result "1-0"]
[WhiteElo "2230"]
[BlackElo "2225"]
[PlyCount "91"]
[EventDate "1999.??.??"]
[EventType "corr"]
[Source "Chess Mail Ltd"]
[SourceDate "2005.07.27"]

1. e4 c5 2. Nf3 d6 3. d4 cxd4 4. Nxd4 Nf6 5. Nc3 a6 6. Bg5 e6 7. f4 Qb6 8. Qd2
Qxb2 9. Nb3 Nc6 10. Bxf6 gxf6 11. Be2 Rg8 12. O-O Qa3 13. f5 Bg7 14. Rad1 Ke7
15. Rf3 Rd8 16. Rh3 h6 17. Rg3 Kf8 18. Rf1 a5 19. fxe6 Bxe6 20. Bb5 Rac8 21.
Nd5 a4 22. Nd4 Qc5 23. Bxc6 bxc6 24. Rc3 Qa5 25. Nxe6+ fxe6 26. Rxf6+ Kg8 27.
Ne7+ Kh7 28. Rf7 Qa7+ 29. Qe3 Qxe3+ 30. Rxe3 Rf8 31. Nxc8 Rxf7 32. Nxd6 Rf4 33.
Rf3 Bd4+ 34. Kf1 Rxf3+ 35. gxf3 Be5 36. Nb7 Bxh2 37. Nc5 e5 38. Nxa4 Bf4 39.
Nb6 Kg6 40. a4 Bd2 41. Nc4 Bc3 42. a5 Kf6 43. a6 Bd4 44. Na5 Bc5 45. Nxc6 Ke6
46. a7 1-0

[Event "13MCR_F"]
[Site "?"]
[Date "1999.??.??"]
[Round "?"]
[White "Sykora, Josef"]
[Black "Viktora, Zdenek"]
[Result "1-0"]
[WhiteElo "2335"]
[BlackElo "2300"]
[PlyCount "106"]
[EventDate "1999.??.??"]
[EventType "corr"]
[Source "Chess Mail Ltd"]
[SourceDate "2005.07.27"]

1. d4 d5 2. c4 dxc4 3. e3 e5 4. Bxc4 exd4 5. exd4 Nf6 6. Nf3 Bb4+ 7. Nc3 O-O 8.
O-O Nc6 9. Bg5 h6 10. Bh4 Na5 11. Bd3 Bg4 12. Qa4 Nc6 13. Be4 a5 14. Bxc6 bxc6
15. Qxc6 Bd7 16. Qc4 Rb8 17. Bxf6 Qxf6 18. Qxc7 Bc6 19. Qe5 Qd8 20. d5 Re8 21.
Qf5 Ba8 22. Rfd1 Rb6 23. a3 Bd6 24. Rd2 Qb8 25. Na4 Rb7 26. g3 Rbe7 27. Rc1 Qb5
28. Nc3 Qb8 29. Nd1 Be5 30. Qd3 Rd8 31. Rc5 Qa7 32. Rdc2 Bc7 33. Ne3 Bb6 34.
Rc8 Ree8 35. Rxd8 Rxd8 36. Ne5 Bc5 37. N5c4 a4 38. Rd2 Qd7 39. Qc3 Qc7 40. Qc2
Qa7 41. Qe4 Qb7 42. Qg4 Qe7 43. h3 Kh7 44. Qf5+ g6 45. Qf4 h5 46. g4 hxg4 47.
Nxg4 Kg8 48. Nce5 Kg7 49. Qh6+ Kg8 50. Nd7 Rxd7 51. Re2 Rd8 52. Rxe7 Bxe7 53.
Qe3 Bf8 1-0

[Event "13MCR_F"]
[Site "?"]
[Date "1999.??.??"]
[Round "?"]
[White "Boukal, Petr"]
[Black "Kadlec, Antonin"]
[Result "1/2-1/2"]
[WhiteElo "2460"]
[BlackElo "2320"]
[PlyCount "64"]
[EventDate "1999.??.??"]
[EventType "corr"]
[Source "Chess Mail Ltd"]
[SourceDate "2005.07.27"]

1. e4 e6 2. d4 d5 3. e5 c5 4. c3 Nc6 5. Nf3 Bd7 6. a3 Rc8 7. b4 cxd4 8. cxd4
Nge7 9. Nbd2 Qb6 10. Nb3 Nb8 11. Nc5 Bb5 12. Bd3 Bxd3 13. Qxd3 Nf5 14. g4 Ne7
15. O-O h5 16. h3 hxg4 17. hxg4 Ng6 18. Kg2 Bxc5 19. bxc5 Qc7 20. Bg5 Nc6 21.
Rh1 Kd7 22. Nd2 Rcf8 23. Rab1 Kc8 24. Rxh8 Rxh8 25. Rh1 Rxh1 26. Kxh1 Qa5 27.
Qf3 Nd8 28. Nb3 Qxa3 29. Bxd8 Kxd8 30. Qxf7 Qxb3 31. Qxg6 Qf3+ 32. Kg1 Ke7
1/2-1/2

[Event "13MCR_F"]
[Site "?"]
[Date "1999.??.??"]
[Round "?"]
[White "Boukal, Petr"]
[Black "Svoboda, Frantisek"]
[Result "1-0"]
[WhiteElo "2460"]
[BlackElo "2445"]
[PlyCount "109"]
[EventDate "1999.??.??"]
[EventType "corr"]
[Source "Chess Mail Ltd"]
[SourceDate "2005.07.27"]

1. e4 e6 2. d4 d5 3. e5 c5 4. c3 Nc6 5. Nf3 Bd7 6. a3 c4 7. g3 Na5 8. Nbd2 Qb6
9. h4 O-O-O 10. Bh3 f5 11. exf6 gxf6 12. O-O Bd6 13. Re1 Qc7 14. Nf1 Re8 15.
Rb1 Nb3 16. N3d2 Nxc1 17. Rxc1 f5 18. Nf3 f4 19. g4 Nf6 20. Ne5 Rhg8 21. f3 Bb5
22. a4 Ba6 23. b4 cxb3 24. Qxb3 Bxe5 25. Rxe5 Nd7 26. Ree1 Qd8 27. h5 Nf6 28.
Re5 Nd7 29. Ree1 Qh4 30. Bg2 Nf6 31. Nh2 Nxh5 32. gxh5 Rg3 33. c4 Reg8 34. Re2
dxc4 35. Qb4 Qxh5 36. Qd6 Qd5 37. Qxf4 Qf5 38. Qxf5 exf5 39. Rc3 f4 40. Nf1
R3g5 41. Nd2 Ra5 42. Nxc4 Rxa4 43. Nb6+ Kb8 44. Nd7+ Ka8 45. Rd2 b6 46. d5 Rc4
47. Rxc4 Bxc4 48. Rd4 b5 49. Ne5 Ba2 50. d6 Kb7 51. Rxf4 a5 52. Kf2 b4 53. Rd4
Rd8 54. f4+ Kb6 55. d7 1-0

[Event "13MCR_F"]
[Site "?"]
[Date "1999.??.??"]
[Round "?"]
[White "Masek, Jan"]
[Black "Hlavacek, Robert"]
[Result "1/2-1/2"]
[WhiteElo "2280"]
[BlackElo "2250"]
[PlyCount "78"]
[EventDate "1999.??.??"]
[EventType "corr"]
[Source "Chess Mail Ltd"]
[SourceDate "2005.07.27"]

1. e4 e6 2. d4 d5 3. Nd2 Nf6 4. e5 Nfd7 5. Bd3 c5 6. c3 Nc6 7. Ngf3 g6 8. O-O
Bg7 9. Bb5 Qb6 10. Qa4 O-O 11. Re1 a6 12. Bxc6 bxc6 13. b4 cxd4 14. cxd4 a5 15.
bxa5 Rxa5 16. Qc2 Bb7 17. Nb3 Ra4 18. Bd2 Rfa8 19. Reb1 Qc7 20. h4 Ba6 21. h5
Bc4 22. hxg6 hxg6 23. Bc3 R8a6 24. Qd2 Qa7 25. Qf4 Bxb3 26. Rxb3 Nc5 27. Rbb1
Ne4 28. Ng5 Nxg5 29. Qxg5 Bf8 30. Rb3 Rb6 31. Rab1 Rxb3 32. axb3 Ra2 33. b4 Qa6
34. Qf4 Qd3 35. Rc1 Re2 36. g3 Ra2 37. Kg2 Qe4+ 38. Qxe4 dxe4 39. Be1 Rb2
1/2-1/2

[Event "13MCR_F"]
[Site "?"]
[Date "1999.??.??"]
[Round "?"]
[White "Masek, Jan"]
[Black "Svoboda, Frantisek"]
[Result "1-0"]
[WhiteElo "2280"]
[BlackElo "2445"]
[PlyCount "91"]
[EventDate "1999.??.??"]
[EventType "corr"]
[Source "Chess Mail Ltd"]
[SourceDate "2005.07.27"]

1. e4 e6 2. d4 d5 3. Nd2 Nf6 4. e5 Nfd7 5. Bd3 c5 6. c3 Nc6 7. Ngf3 Qb6 8. O-O
g6 9. dxc5 Nxc5 10. Bc2 Nd7 11. Re1 Bg7 12. Ba4 O-O 13. Bxc6 bxc6 14. Nb3 a5
15. Be3 Qb8 16. Bc5 Nxc5 17. Nxc5 Qxb2 18. Qb3 Qxb3 19. axb3 Re8 20. Ra4 Bf8
21. b4 Bxc5 22. bxc5 Re7 23. Nd4 Ra6 24. Rb1 Rb7 25. Rxb7 Bxb7 26. f4 Kg7 27.
Nb3 f6 28. Rxa5 fxe5 29. fxe5 Kf7 30. Kf2 Ke7 31. Ke3 Kd7 32. Kf4 h6 33. h4
Rxa5 34. Nxa5 Ba6 35. Nb3 Bf1 36. g3 Bd3 37. Nd4 Bc4 38. Ke3 Bf1 39. Kd2 Bc4
40. Kc2 Ba6 41. Kb3 Bf1 42. Kb4 Bh3 43. Ka5 Kc7 44. Ka6 Bf5 45. Ka7 Bg4 46. Nc2
1-0

[Event "13MCR_F"]
[Site "?"]
[Date "1999.??.??"]
[Round "?"]
[White "Vinklarek, Vlastimil"]
[Black "Hlavacek, Robert"]
[Result "1/2-1/2"]
[WhiteElo "2225"]
[BlackElo "2250"]
[PlyCount "96"]
[EventDate "1999.??.??"]
[EventType "corr"]
[Source "Chess Mail Ltd"]
[SourceDate "2005.07.27"]

1. e4 e6 2. d4 d5 3. Nd2 Nf6 4. e5 Nfd7 5. Bd3 c5 6. c3 Nc6 7. Ndf3 Qa5 8. Bd2
Qb6 9. Qb3 Qxb3 10. axb3 cxd4 11. cxd4 Nb4 12. Bb1 Nb8 13. Ne2 Bd7 14. Nc3 Be7
15. Bg5 h6 16. Bxe7 Kxe7 17. Kd2 b6 18. Rc1 a5 19. Na4 Bxa4 20. bxa4 Kd7 21.
Ra3 N8c6 22. h4 Rhf8 23. Rac3 Rac8 24. Ke3 f6 25. Rd1 fxe5 26. Nxe5+ Nxe5 27.
dxe5 Rc5 28. f4 Ke7 29. g3 g5 30. hxg5 hxg5 31. Rdc1 gxf4+ 32. gxf4 d4+ 33.
Kxd4 Rxf4+ 34. Be4 Na6 35. Ke3 Rh4 36. Rxc5 Nxc5 37. Rc4 Rh5 38. Kd4 Kd7 39.
Bc2 Rh4+ 40. Kc3 Rh3+ 41. Kd2 Rh5 42. b4 axb4 43. Rxb4 Kc7 44. Rc4 Rxe5 45. Kc3
Kc6 46. Kb4 Kd5 47. Kb5 Re3 48. Bd1 Rd3 1/2-1/2

[Event "13MCR_F"]
[Site "?"]
[Date "1999.??.??"]
[Round "?"]
[White "Hybl, Vladislav"]
[Black "Svoboda, Frantisek"]
[Result "1/2-1/2"]
[WhiteElo "2200"]
[BlackElo "2445"]
[PlyCount "94"]
[EventDate "1999.??.??"]
[EventType "corr"]
[Source "Chess Mail Ltd"]
[SourceDate "2005.07.27"]

1. d4 e6 2. e4 d5 3. Nd2 Nf6 4. e5 Nfd7 5. Bd3 c5 6. c3 Nc6 7. Ne2 cxd4 8. cxd4
f6 9. exf6 Qxf6 10. Nf3 h6 11. O-O Bd6 12. Nc3 O-O 13. Be3 Rd8 14. Bc2 Nf8 15.
Rc1 Bd7 16. h3 Be8 17. Nh2 Bxh2+ 18. Kxh2 e5 19. Bb3 Bf7 20. dxe5 Qxe5+ 21. g3
Be6 22. Bd2 Qf5 23. g4 Qf7 24. f4 d4 25. Ne4 Bxb3 26. Qxb3 Qxb3 27. axb3 Rd5
28. Nc5 Rb8 29. Kg2 Nd7 30. b4 d3 31. Rf3 Nxc5 32. bxc5 Kf7 33. Re3 a5 34. Rd1
g6 35. Bc3 Rbd8 36. Rd2 a4 37. Kf3 Nb8 38. Re4 Nd7 39. Rxa4 Nxc5 40. Ra3 R8d7
41. b4 Na6 42. Rb3 g5 43. f5 Nc7 44. Bb2 h5 45. Rc3 hxg4+ 46. hxg4 Rd4 47. Ra3
Rf4+ 1/2-1/2

[Event "13MCR_F"]
[Site "?"]
[Date "1999.??.??"]
[Round "?"]
[White "Kadlec, Antonin"]
[Black "Svoboda, Frantisek"]
[Result "1-0"]
[WhiteElo "2320"]
[BlackElo "2445"]
[PlyCount "43"]
[EventDate "1999.??.??"]
[EventType "corr"]
[Source "Chess Mail Ltd"]
[SourceDate "2005.07.27"]

1. d4 e6 2. e4 d5 3. Nd2 Nf6 4. e5 Nfd7 5. Bd3 c5 6. c3 Nc6 7. Ne2 cxd4 8. cxd4
f6 9. exf6 Qxf6 10. Nf3 h6 11. O-O Bd6 12. Be3 O-O 13. Bb5 Nb6 14. Rc1 Bd7 15.
Ng3 Rac8 16. Re1 Nb4 17. Bxd7 Nxd7 18. Qb3 Nb6 19. Ne5 Nc6 20. f4 Na5 21. Qd3
Rc2 22. Rxc2 1-0

[Event "13MCR_F"]
[Site "?"]
[Date "1999.??.??"]
[Round "?"]
[White "Kostal, Jindrich"]
[Black "Boukal, Petr"]
[Result "1-0"]
[WhiteElo "2280"]
[BlackElo "2460"]
[PlyCount "121"]
[EventDate "1999.??.??"]
[EventType "corr"]
[Source "Chess Mail Ltd"]
[SourceDate "2005.07.27"]

1. e4 e6 2. d4 d5 3. Nd2 Nf6 4. e5 Nfd7 5. Bd3 c5 6. c3 Nc6 7. Ne2 cxd4 8. cxd4
Qb6 9. Nf3 f6 10. exf6 Nxf6 11. O-O Bd6 12. Nc3 O-O 13. Be3 Bd7 14. a3 Kh8 15.
b4 Rac8 16. Rc1 Qd8 17. h3 Ne7 18. Qb3 Be8 19. Ne5 Nd7 20. f4 Nf5 21. Bf2 Bb8
22. Ne2 Rxc1 23. Rxc1 Nxe5 24. dxe5 Bg6 25. Qc3 Qd7 26. a4 Qf7 27. Bxf5 Qxf5
28. Bc5 Re8 29. Bd6 h6 30. Qe3 a6 31. Nd4 Qf7 32. b5 axb5 33. Nxb5 Qf5 34. Nd4
Qf7 35. Nb5 Qf5 36. Bc7 Bxc7 37. Rxc7 Qb1+ 38. Kh2 Qb4 39. Qd4 Qe1 40. Nd6 Rb8
41. Re7 Qf1 42. Rxe6 Be4 43. Qd2 Rf8 44. Nxe4 dxe4 45. Rd6 e3 46. Qxe3 Qxf4+
47. Qxf4 Rxf4 48. e6 Kh7 49. e7 Re4 50. Rd7 b6 51. Rb7 Kg6 52. Rxb6+ Kf7 53. a5
Kxe7 54. a6 Re3 55. Rg6 Kf7 56. Rg3 Re8 57. Rf3+ Kg6 58. a7 Ra8 59. Ra3 Kf5 60.
Kg3 Ke5 61. Kg4 1-0

[Event "13MCR_F"]
[Site "?"]
[Date "1999.??.??"]
[Round "?"]
[White "Tichy, Josef"]
[Black "Boukal, Petr"]
[Result "1/2-1/2"]
[WhiteElo "2335"]
[BlackElo "2460"]
[PlyCount "83"]
[EventDate "1999.??.??"]
[EventType "corr"]
[Source "Chess Mail Ltd"]
[SourceDate "2005.07.27"]

1. e4 e6 2. d4 d5 3. Nd2 Nf6 4. e5 Nfd7 5. Bd3 c5 6. c3 Nc6 7. Ne2 cxd4 8. cxd4
f6 9. exf6 Nxf6 10. Nf3 Bd6 11. O-O O-O 12. Bf4 Bxf4 13. Nxf4 Ne4 14. g3 Qf6
15. Kg2 Ng5 16. Nxg5 Qxg5 17. Ne2 e5 18. dxe5 Nxe5 19. Ng1 Nxd3 20. Qxd3 Be6
21. Qd4 Rfc8 22. Rae1 Rc4 23. Qe5 Qxe5 24. Rxe5 Bd7 25. Rd1 Bc6 26. f4 Kf7 27.
Kf2 Re8 28. Rxe8 Kxe8 29. Nf3 Ke7 30. Nd4 Bd7 31. Ke3 Kd6 32. Rd2 Rc8 33. Kd3
Rf8 34. Re2 a6 35. Re5 h6 36. Re2 Bh3 37. Rf2 Re8 38. Rd2 Re7 39. Kc3 Rc7+ 40.
Kd3 Re7 41. Kc3 Rc7+ 42. Kd3 1/2-1/2

[Event "13MCR_F"]
[Site "?"]
[Date "1999.??.??"]
[Round "?"]
[White "Masek, Jan"]
[Black "Vinklarek, Vlastimil"]
[Result "1-0"]
[WhiteElo "2280"]
[BlackElo "2225"]
[PlyCount "77"]
[EventDate "1999.??.??"]
[EventType "corr"]
[Source "Chess Mail Ltd"]
[SourceDate "2005.07.27"]

1. e4 e6 2. d4 d5 3. Nd2 c5 4. exd5 Qxd5 5. Ngf3 cxd4 6. Bc4 Qd6 7. O-O Nf6 8.
Nb3 Nc6 9. Nbxd4 Nxd4 10. Nxd4 a6 11. b3 Qc7 12. a4 Bd6 13. h3 O-O 14. Bb2 b6
15. Qe2 Bb7 16. Rad1 Rfd8 17. Rd3 Be4 18. Re3 Bd5 19. Bxa6 Bh2+ 20. Kh1 Bf4 21.
Rc3 Qd6 22. Rd1 e5 23. Nf3 Bxf3 24. Rxd6 Bxe2 25. Rxd8+ Rxd8 26. Bxe2 Ne4 27.
Rc4 Nxf2+ 28. Kg1 Be3 29. Kf1 f6 30. Bc3 Kf7 31. Be1 Nd1 32. Rc7+ Kg8 33. Bc4+
Kh8 34. Ke2 Bg1 35. Bd2 Nb2 36. Be6 Bd4 37. Rc8 Rxc8 38. Bxc8 g6 39. c3 1-0

[Event "13MCR_F"]
[Site "?"]
[Date "1999.??.??"]
[Round "?"]
[White "Hybl, Vladislav"]
[Black "Kadlec, Antonin"]
[Result "1/2-1/2"]
[WhiteElo "2200"]
[BlackElo "2320"]
[PlyCount "48"]
[EventDate "1999.??.??"]
[EventType "corr"]
[Source "Chess Mail Ltd"]
[SourceDate "2005.07.27"]

1. e4 e6 2. d4 d5 3. Nd2 c5 4. exd5 exd5 5. Ngf3 Nf6 6. Bb5+ Bd7 7. Bxd7+ Nbxd7
8. O-O Be7 9. dxc5 Nxc5 10. Nd4 Qd7 11. N2f3 O-O 12. Bf4 Rfe8 13. Ne5 Qa4 14.
c3 Bd6 15. Ng6 Qd7 16. Bxd6 Qxd6 17. Nh4 g6 18. Nhf3 a6 19. Qc2 b5 20. Rfe1 Na4
21. h3 Re4 22. Ng5 Rxe1+ 23. Rxe1 Re8 24. Rxe8+ Nxe8 1/2-1/2

[Event "13MCR_F"]
[Site "?"]
[Date "1999.??.??"]
[Round "?"]
[White "Masek, Jan"]
[Black "Kadlec, Antonin"]
[Result "1/2-1/2"]
[WhiteElo "2280"]
[BlackElo "2320"]
[PlyCount "62"]
[EventDate "1999.??.??"]
[EventType "corr"]
[Source "Chess Mail Ltd"]
[SourceDate "2005.07.27"]

1. e4 e6 2. d4 d5 3. Nd2 c5 4. exd5 exd5 5. Ngf3 Nf6 6. Bb5+ Bd7 7. Qe2+ Be7 8.
dxc5 O-O 9. Nb3 Re8 10. Be3 a6 11. Bd3 Ba4 12. Nfd4 Nbd7 13. O-O-O Bxb3 14.
Nxb3 Nxc5 15. Qf3 Nxd3+ 16. Rxd3 a5 17. Nd4 a4 18. a3 Nd7 19. Bf4 Nc5 20. Re3
Bf6 21. Rxe8+ Qxe8 22. Qxd5 Rc8 23. Kb1 Ne4 24. f3 Nf2 25. Rc1 Rd8 26. Bd6 g6
27. Nb5 Qe2 28. g3 h5 29. h4 Bg7 30. Qg5 Rc8 31. Qd5 Rd8 1/2-1/2

[Event "13MCR_F"]
[Site "?"]
[Date "1999.??.??"]
[Round "?"]
[White "Tichy, Josef"]
[Black "Kadlec, Antonin"]
[Result "1/2-1/2"]
[WhiteElo "2335"]
[BlackElo "2320"]
[PlyCount "58"]
[EventDate "1999.??.??"]
[EventType "corr"]
[Source "Chess Mail Ltd"]
[SourceDate "2005.07.27"]

1. e4 e6 2. d4 d5 3. Nd2 c5 4. Ngf3 Nf6 5. exd5 exd5 6. Bb5+ Bd7 7. Bxd7+ Nbxd7
8. O-O Be7 9. dxc5 Nxc5 10. Nd4 Qd7 11. N2f3 O-O 12. Ne5 Qc7 13. Bf4 Qb6 14.
Nf5 Rfe8 15. Be3 Bf8 16. Nd3 Qc6 17. Bd4 b6 18. c3 Nxd3 19. Qxd3 Ne4 20. Qh3
Qg6 21. Rad1 Rad8 22. Qf3 Ng5 23. Qd3 f6 24. Be3 Nf3+ 25. Kh1 Ne5 26. Qc2 Bc5
27. Rfe1 Nc6 28. h3 Re5 29. Nd4 Qxc2 1/2-1/2

[Event "13MCR_F"]
[Site "?"]
[Date "1999.??.??"]
[Round "?"]
[White "Tichy, Josef"]
[Black "Hybl, Vladislav"]
[Result "1/2-1/2"]
[WhiteElo "2335"]
[BlackElo "2200"]
[PlyCount "92"]
[EventDate "1999.??.??"]
[EventType "corr"]
[Source "Chess Mail Ltd"]
[SourceDate "2005.07.27"]

1. e4 e6 2. d4 d5 3. Nd2 dxe4 4. Nxe4 Nd7 5. Nf3 Ngf6 6. Bd3 Nxe4 7. Bxe4 Nf6
8. Bd3 Be7 9. Qe2 O-O 10. O-O b6 11. Bg5 Bb7 12. Rad1 h6 13. Bf4 Bd6 14. Ne5
Qe7 15. c3 c5 16. dxc5 Bxc5 17. Rfe1 Rfd8 18. Bg3 a5 19. Kh1 Nd7 20. Nc4 Nf6
21. Ne5 Nd7 22. Nc4 Nf6 23. Bh4 Kh8 24. Ne5 Qc7 25. Bg3 Kg8 26. a3 Bd6 27. f4
a4 28. Bh4 Bc5 29. h3 Rd5 30. Bc4 Rxd1 31. Rxd1 Nd5 32. Bxd5 Bxd5 33. f5 f6 34.
Ng6 Bb3 35. Qe4 Rc8 36. Rd2 e5 37. Qd3 Qc6 38. Bf2 e4 39. Qa6 Qa8 40. Qxa8 Rxa8
41. Bxc5 bxc5 42. Kg1 Bc4 43. Kf2 Bd3 44. Ke3 c4 45. g4 Kf7 46. Nf4 Re8 1/2-1/2

[Event "13MCR_F"]
[Site "?"]
[Date "1999.??.??"]
[Round "?"]
[White "Bures, Jilji"]
[Black "Hlavacek, Robert"]
[Result "1/2-1/2"]
[WhiteElo "2250"]
[BlackElo "2250"]
[PlyCount "56"]
[EventDate "1999.??.??"]
[EventType "corr"]
[Source "Chess Mail Ltd"]
[SourceDate "2005.07.27"]

1. e4 e6 2. d4 d5 3. Nc3 Bb4 4. Nge2 dxe4 5. a3 Bxc3+ 6. Nxc3 Nc6 7. Bb5 Nge7
8. Bg5 f6 9. Be3 O-O 10. Qd2 e5 11. d5 Nd4 12. Bxd4 exd4 13. Qxd4 a6 14. Be2 f5
15. O-O-O Qd6 16. f3 exf3 17. Bxf3 Bd7 18. Rhe1 Ng6 19. g3 b5 20. Ne2 f4 21.
gxf4 Nxf4 22. Ng3 Nh3 23. Re3 Rae8 24. Rxe8 Bxe8 25. Bg4 Bd7 26. Bxd7 Qxd7 27.
d6 Qxd6 28. Qxd6 cxd6 1/2-1/2